Vista normal
Vista MARC
Entrada Topical Term
Número de registros utilizados en: 1
001 - CONTROL NUMBER
- control field: 25867
003 - CONTROL NUMBER IDENTIFIER
- control field: OSt
005 - DATE AND TIME OF LATEST TRANSACTION
- control field: 20210310223839.0
008 - FIXED-LENGTH DATA ELEMENTS
- fixed length control field: 210310|| aca||aabn | a|a d
040 ## - CATALOGING SOURCE
- Original cataloging agency: OSt
- Transcribing agency: OSt
150 ## - HEADING--TOPICAL TERM
- Topical term or geographic name entry element: Constitucionalidad. Código general del proceso Ley 1564 de 2012
670 ## - SOURCE DATA FOUND
- Source citation: Work cat.: (OSt): Parra Quijano Jairo 9105, Codigo general del proceso, ley 1564 de 2012 con decreto 1736 de 2012 ynotas de constitucionalidad , 2014